[Event "wgm"]
[Site "?"]
[Date "2015.09.24"]
[Round "3.2"]
[White "Majdan-Gajewska, Joanna"]
[Black "Foisor, Cristina-Adela"]
[Result "0-1"]
[BlackElo "2361"]
[WhiteElo "2391"]
[LiveChessVersion "1.4.4"]

1. e4 {[%clk 1:30:57]} e5 {[%clk 1:30:54]} 2. Nf3 {[%clk 1:31:13]} Nc6
{[%clk 1:31:19]} 3. Bb5 {[%clk 1:31:39]} a6 {[%clk 1:31:44]} 4. Ba4
{[%clk 1:32:03]} Nge7 {[%clk 1:32:08]} 5. Bb3 {[%clk 1:26:47]} Ng6
{[%clk 1:31:30]} 6. h4 {[%clk 1:25:28]} Be7 {[%clk 1:29:11]} 7. h5
{[%clk 1:24:57]} Nf8 {[%clk 1:21:27]} 8. d4 {[%clk 1:19:36]} d6 {[%clk 1:18:51]}
9. h6 {[%clk 1:15:27]} g6 {[%clk 1:19:03]} 10. dxe5 {[%clk 1:09:39]} dxe5
{[%clk 1:18:59]} 11. Qxd8+ {[%clk 1:10:03]} Bxd8 {[%clk 1:19:11]} 12. Ng5
{[%clk 1:09:20]} Ne6 {[%clk 1:10:13]} 13. Bxe6 {[%clk 1:05:23]} Bxe6
{[%clk 1:10:25]} 14. Nxe6 {[%clk 1:05:48]} fxe6 {[%clk 1:10:51]} 15. Be3
{[%clk 1:06:00]} Be7 {[%clk 1:08:38]} 16. Nd2 {[%clk 1:06:08]} Nb4
{[%clk 1:04:58]} 17. O-O-O {[%clk 0:57:09]} Nxa2+ {[%clk 1:04:55]} 18. Kb1
{[%clk 0:57:36]} Nb4 {[%clk 1:05:20]} 19. Nc4 {[%clk 0:57:31]} Nc6
{[%clk 1:05:09]} 20. f4 {[%clk 0:57:57]} Rd8 {[%clk 1:03:19]} 21. Rxd8+
{[%clk 0:46:56]} Bxd8 {[%clk 1:03:26]} 22. Nxe5 {[%clk 0:43:06]} Nxe5
{[%clk 1:03:50]} 23. fxe5 {[%clk 0:43:35]} Rf8 {[%clk 1:03:59]} 24. Kc1
{[%clk 0:42:47]} Be7 {[%clk 0:57:07]} 25. Kd2 {[%clk 0:42:02]} Kd7
{[%clk 0:56:13]} 26. Ke2 {[%clk 0:42:11]} Kc6 {[%clk 0:56:06]} 27. Rd1
{[%clk 0:40:19]} a5 {[%clk 0:55:47]} 28. Rd3 {[%clk 0:33:15]} b5 {[%clk 0:51:57]}
29. Rc3+ {[%clk 0:31:07]} Kb7 {[%clk 0:52:20]} 30. Rd3 {[%clk 0:28:04]} Rd8
{[%clk 0:50:54]} 31. Rxd8 {[%clk 0:25:58]} Bxd8 {[%clk 0:51:19]} 32. Kd3
{[%clk 0:26:27]} Bh4 {[%clk 0:48:31]} 33. c4 {[%clk 0:25:52]} Kc6
{[%clk 0:45:39]} 34. Bf4 {[%clk 0:23:49]} a4 {[%clk 0:41:23]} 35. Kd4
{[%clk 0:13:44]} Bf2+ {[%clk 0:41:04]} 36. Kd3 {[%clk 0:12:27]} Kc5
{[%clk 0:40:01]} 37. cxb5 {[%clk 0:12:52]} Kxb5 {[%clk 0:40:28]} 38. Bg5
{[%clk 0:11:42]} Kb4 {[%clk 0:39:01]} 39. Bd8 {[%clk 0:09:36]} c5
{[%clk 0:35:06]} 0-1

[Event "wgm"]
[Site "?"]
[Date "2015.09.24"]
[Round "3.3"]
[White "Girya, Olga"]
[Black "Szczepkowska-Horowska, Karina"]
[Result "0-1"]
[BlackElo "2395"]
[WhiteElo "2483"]
[LiveChessVersion "1.4.4"]

1. d4 {[%clk 1:30:58]} Nf6 {[%clk 1:30:20]} 2. Nf3 {[%clk 1:31:21]} e6
{[%clk 1:30:34]} 3. c4 {[%clk 1:26:46]} Bb4+ {[%clk 1:30:58]} 4. Nbd2
{[%clk 1:26:58]} O-O {[%clk 1:31:03]} 5. a3 {[%clk 1:27:17]} Be7 {[%clk 1:30:35]}
6. e4 {[%clk 1:27:08]} d5 {[%clk 1:30:51]} 7. e5 {[%clk 1:27:28]} Nfd7
{[%clk 1:30:38]} 8. Bd3 {[%clk 1:27:02]} c5 {[%clk 1:29:53]} 9. Qc2
{[%clk 1:20:41]} cxd4 {[%clk 1:16:45]} 10. Bxh7+ {[%clk 1:15:01]} Kh8
{[%clk 1:17:10]} 11. O-O {[%clk 0:59:01]} Nc6 {[%clk 1:10:56]} 12. Re1
{[%clk 0:59:12]} dxc4 {[%clk 0:52:19]} 13. Nxc4 {[%clk 0:59:16]} Nc5
{[%clk 0:52:06]} 14. b4 {[%clk 0:47:25]} d3 {[%clk 0:50:14]} 15. Qd1
{[%clk 0:47:45]} Kxh7 {[%clk 0:49:57]} 16. bxc5 {[%clk 0:48:11]} Qd5
{[%clk 0:46:42]} 17. Nd6 {[%clk 0:45:00]} Kg8 {[%clk 0:43:37]} 18. Re3
{[%clk 0:33:40]} Qxc5 {[%clk 0:41:59]} 19. Rxd3 {[%clk 0:33:05]} Nxe5
{[%clk 0:38:36]} 20. Nxe5 {[%clk 0:26:39]} Qxe5 {[%clk 0:38:43]} 21. Rb1
{[%clk 0:27:07]} Bxd6 {[%clk 0:33:46]} 22. Rxd6 {[%clk 0:27:35]} b6
{[%clk 0:32:05]} 23. Bb2 {[%clk 0:26:24]} Qg5 {[%clk 0:29:43]} 24. Bxg7
{[%clk 0:18:49]} Bb7 {[%clk 0:27:08]} 25. Qf1 {[%clk 0:17:01]} Qxg7
{[%clk 0:23:41]} 26. Rb3 {[%clk 0:16:19]} Be4 {[%clk 0:22:03]} 27. Rg3
{[%clk 0:16:15]} Bg6 {[%clk 0:22:07]} 28. h4 {[%clk 0:16:32]} Qh6
{[%clk 0:20:53]} 29. Qd3 {[%clk 0:13:54]} Rac8 {[%clk 0:19:43]} 30. Rd4
{[%clk 0:11:44]} Kh7 {[%clk 0:18:12]} 31. Qf3 {[%clk 0:09:44]} Rc5
{[%clk 0:15:51]} 32. Rdg4 {[%clk 0:09:01]} Qg7 {[%clk 0:07:17]} 33. Rg5
{[%clk 0:07:46]} Rxg5 {[%clk 0:06:17]} 34. Rxg5 {[%clk 0:08:10]} Qh6
{[%clk 0:04:43]} 35. Qf6 {[%clk 0:05:48]} Rc8 {[%clk 0:03:23]} 36. Qd4
{[%clk 0:03:28]} Rc1+ {[%clk 0:03:03]} 37. Kh2 {[%clk 0:03:57]} Rc5
{[%clk 0:03:17]} 38. Rg4 {[%clk 0:03:21]} Rd5 {[%clk 0:02:37]} 39. Qa4
{[%clk 0:03:06]} Qh5 {[%clk 0:01:53]} 0-1

[Event "wgm"]
[Site "?"]
[Date "2015.09.24"]
[Round "3.4"]
[White "Zawadzka, Jolanta"]
[Black "Mkrtchian, Lilit"]
[Result "0-1"]
[BlackElo "2440"]
[WhiteElo "2430"]
[LiveChessVersion "1.4.4"]

1. e4 {[%clk 1:30:56]} d6 {[%clk 1:30:39]} 2. d4 {[%clk 1:31:15]} Nf6
{[%clk 1:31:03]} 3. Nc3 {[%clk 1:31:41]} g6 {[%clk 1:31:26]} 4. f4
{[%clk 1:31:52]} Bg7 {[%clk 1:31:21]} 5. Nf3 {[%clk 1:32:16]} O-O
{[%clk 1:31:39]} 6. e5 {[%clk 1:31:52]} dxe5 {[%clk 1:30:58]} 7. fxe5
{[%clk 1:32:14]} Nd5 {[%clk 1:29:37]} 8. Bc4 {[%clk 1:32:17]} Be6
{[%clk 1:28:25]} 9. Nxd5 {[%clk 1:31:56]} Bxd5 {[%clk 1:28:50]} 10. Bxd5
{[%clk 1:32:20]} Qxd5 {[%clk 1:29:17]} 11. Qe2 {[%clk 1:32:38]} b5
{[%clk 1:16:54]} 12. b3 {[%clk 1:20:27]} b4 {[%clk 1:05:37]} 13. Bb2
{[%clk 1:05:20]} c5 {[%clk 0:57:28]} 14. O-O-O {[%clk 1:03:30]} a5
{[%clk 0:54:21]} 15. Qb5 {[%clk 1:00:23]} Na6 {[%clk 0:39:26]} 16. h4
{[%clk 0:50:43]} a4 {[%clk 0:38:01]} 17. h5 {[%clk 0:44:55]} Rfc8
{[%clk 0:31:10]} 18. Kb1 {[%clk 0:30:07]} axb3 {[%clk 0:21:04]} 19. axb3
{[%clk 0:30:21]} Rc6 {[%clk 0:16:29]} 20. h6 {[%clk 0:22:16]} Bf8
{[%clk 0:16:07]} 21. Ng5 {[%clk 0:20:34]} Nc7 {[%clk 0:15:23]} 22. Qf1
{[%clk 0:20:43]} c4 {[%clk 0:15:22]} 23. bxc4 {[%clk 0:18:56]} Rxc4
{[%clk 0:15:45]} 24. Qf3 {[%clk 0:16:04]} Qxf3 {[%clk 0:15:23]} 25. Nxf3
{[%clk 0:16:18]} Nd5 {[%clk 0:13:58]} 26. Nd2 {[%clk 0:12:10]} Rc6
{[%clk 0:13:25]} 27. Nb3 {[%clk 0:12:23]} Rac8 {[%clk 0:10:18]} 28. Rd2
{[%clk 0:12:20]} g5 {[%clk 0:10:31]} 29. Rh5 {[%clk 0:09:28]} Bxh6
{[%clk 0:10:03]} 30. g3 {[%clk 0:09:44]} g4 {[%clk 0:06:47]} 31. Rdh2
{[%clk 0:09:51]} Bg7 {[%clk 0:06:51]} 32. Rxh7 {[%clk 0:09:31]} Nc3+
{[%clk 0:05:45]} 33. Bxc3 {[%clk 0:01:35]} Rxc3 {[%clk 0:06:12]} 34. R7h5
{[%clk 0:01:54]} Rxg3 {[%clk 0:06:21]} 35. Rd2 {[%clk 0:01:17]} Rd8
{[%clk 0:01:18]} 36. Rhh2 {[%clk 0:01:07]} f5 {[%clk 0:01:05]} 37. Nc5
{[%clk 0:00:54]} Rg1+ {[%clk 0:01:10]} 38. Ka2 {[%clk 0:01:03]} g3
{[%clk 0:01:07]} 39. Rhg2 {[%clk 0:00:55]} Rxd4 {[%clk 0:00:40]} 40. Rxg1
{[%clk 0:30:56]} Rxd2 {[%clk 0:31:07]} 41. Nd3 {[%clk 0:29:00]} Rxd3
{[%clk 0:24:46]} 42. cxd3 {[%clk 0:29:25]} Bxe5 {[%clk 0:25:13]} 43. Rf1
{[%clk 0:26:05]} f4 {[%clk 0:25:37]} 44. d4 {[%clk 0:26:30]} Bd6 {[%clk 0:25:48]}
45. Kb3 {[%clk 0:26:44]} g2 {[%clk 0:26:07]} 46. Rg1 {[%clk 0:27:09]} f3
{[%clk 0:26:33]} 0-1

[Event "wgm"]
[Site "?"]
[Date "2015.09.24"]
[Round "3.5"]
[White "Gaponenko, Inna"]
[Black "Socko, Monika"]
[Result "1-0"]
[BlackElo "2456"]
[WhiteElo "2402"]
[LiveChessVersion "1.4.4"]

1. e4 {[%clk 1:30:57]} d6 {[%clk 1:30:57]} 2. d4 {[%clk 1:31:21]} g6
{[%clk 1:31:23]} 3. Nc3 {[%clk 1:31:46]} Bg7 {[%clk 1:31:48]} 4. f4
{[%clk 1:32:00]} Nf6 {[%clk 1:32:08]} 5. Nf3 {[%clk 1:32:15]} O-O
{[%clk 1:32:08]} 6. Bd3 {[%clk 1:30:49]} Na6 {[%clk 1:32:29]} 7. O-O
{[%clk 1:30:35]} c5 {[%clk 1:32:45]} 8. d5 {[%clk 1:30:44]} Rb8 {[%clk 1:33:09]}
9. f5 {[%clk 1:17:42]} Nc7 {[%clk 1:20:00]} 10. Qe1 {[%clk 1:01:39]} b5
{[%clk 1:13:56]} 11. Qh4 {[%clk 0:53:39]} c4 {[%clk 1:05:36]} 12. Be2
{[%clk 0:53:47]} b4 {[%clk 0:47:37]} 13. Nd1 {[%clk 0:52:19]} c3 {[%clk 0:47:39]}
14. Bh6 {[%clk 0:11:51]} Nce8 {[%clk 0:43:45]} 15. Ng5 {[%clk 0:05:44]} Qb6+
{[%clk 0:37:48]} 16. Kh1 {[%clk 0:06:10]} cxb2 {[%clk 0:30:28]} 17. Rb1
{[%clk 0:06:38]} Qd4 {[%clk 0:30:48]} 18. Rxb2 {[%clk 0:01:17]} Rb6
{[%clk 0:19:56]} 19. Rb3 {[%clk 0:01:19]} Bxf5 {[%clk 0:19:46]} 20. Bxg7
{[%clk 0:00:38]} Nxg7 {[%clk 0:18:02]} 21. Qh6 {[%clk 0:01:01]} Rc8
{[%clk 0:14:03]} 22. exf5 {[%clk 0:01:26]} Qd2 {[%clk 0:11:13]} 23. Bd3
{[%clk 0:00:34]} Rc5 {[%clk 0:03:49]} 24. fxg6 {[%clk 0:01:00]} hxg6
{[%clk 0:04:07]} 25. Bxg6 {[%clk 0:00:45]} fxg6 {[%clk 0:04:19]} 26. Rh3
{[%clk 0:00:36]} Qxg5 {[%clk 0:02:38]} 27. Qxg5 {[%clk 0:00:53]} Rxd5
{[%clk 0:03:05]} 28. Qxg6 {[%clk 0:01:16]} Rbb5 {[%clk 0:03:27]} 29. Rg3
{[%clk 0:01:17]} Nfh5 {[%clk 0:03:55]} 30. Rg4 {[%clk 0:01:29]} Re5
{[%clk 0:03:59]} 31. Nb2 {[%clk 0:01:47]} Rbd5 {[%clk 0:04:20]} 32. Nd3
{[%clk 0:02:06]} Re6 {[%clk 0:04:18]} 33. Qxe6+ {[%clk 0:02:16]} 1-0

[Event "wgm"]
[Site "?"]
[Date "2015.09.19"]
[Round "4.1"]
[White "Kashlinskaya, Alina"]
[Black "Socko, Monika"]
[Result "1-0"]
[BlackElo "2456"]
[WhiteElo "2424"]
[LiveChessVersion "1.4.4"]

1. d4 {[%clk 1:30:58]} d5 {[%clk 1:30:58]} 2. c4 {[%clk 1:31:20]} c6
{[%clk 1:31:24]} 3. Nf3 {[%clk 1:31:45]} Nf6 {[%clk 1:31:45]} 4. Nc3
{[%clk 1:31:47]} a6 {[%clk 1:32:09]} 5. a4 {[%clk 1:32:05]} g6 {[%clk 1:31:43]}
6. Bf4 {[%clk 1:26:46]} Bg7 {[%clk 1:31:24]} 7. e3 {[%clk 1:26:44]} O-O
{[%clk 1:30:56]} 8. Bd3 {[%clk 1:26:49]} a5 {[%clk 1:28:54]} 9. O-O
{[%clk 1:22:28]} Na6 {[%clk 1:26:52]} 10. cxd5 {[%clk 1:16:32]} cxd5
{[%clk 1:26:18]} 11. Rc1 {[%clk 1:15:39]} Nb4 {[%clk 1:22:08]} 12. Be2
{[%clk 1:13:21]} Nh5 {[%clk 1:17:48]} 13. Bg5 {[%clk 1:11:35]} Bf6
{[%clk 1:14:44]} 14. Bh6 {[%clk 0:58:26]} Bg7 {[%clk 1:14:28]} 15. Bxg7
{[%clk 0:58:42]} Nxg7 {[%clk 1:12:28]} 16. Ne5 {[%clk 0:57:41]} Bf5
{[%clk 1:11:52]} 17. Bd3 {[%clk 0:46:48]} Rc8 {[%clk 1:07:36]} 18. Bxf5
{[%clk 0:45:37]} Nxf5 {[%clk 1:08:01]} 19. Nd3 {[%clk 0:42:24]} Nxd3
{[%clk 1:04:29]} 20. Qxd3 {[%clk 0:42:48]} e6 {[%clk 1:04:54]} 21. Nb5
{[%clk 0:39:04]} Qe7 {[%clk 1:01:24]} 22. Qd2 {[%clk 0:36:27]} b6
{[%clk 0:59:47]} 23. Rc2 {[%clk 0:36:10]} Nd6 {[%clk 0:54:55]} 24. Nxd6
{[%clk 0:30:30]} Qxd6 {[%clk 0:53:49]} 25. Rfc1 {[%clk 0:30:53]} Qd7
{[%clk 0:52:50]} 26. b3 {[%clk 0:30:30]} Kg7 {[%clk 0:52:11]} 27. g3
{[%clk 0:30:48]} h5 {[%clk 0:52:05]} 28. h4 {[%clk 0:30:42]} Rfd8
{[%clk 0:52:03]} 29. Kg2 {[%clk 0:30:59]} Re8 {[%clk 0:50:33]} 30. Rc3
{[%clk 0:30:18]} Rxc3 {[%clk 0:47:47]} 31. Qxc3 {[%clk 0:30:20]} Re7
{[%clk 0:48:07]} 32. Rc2 {[%clk 0:28:15]} Qb7 {[%clk 0:47:37]} 33. f3
{[%clk 0:26:58]} Rd7 {[%clk 0:42:52]} 34. Kf2 {[%clk 0:26:04]} Kf8
{[%clk 0:38:54]} 35. Qc8+ {[%clk 0:20:57]} Ke7 {[%clk 0:35:07]} 36. g4
{[%clk 0:19:27]} hxg4 {[%clk 0:30:21]} 37. fxg4 {[%clk 0:19:35]} Qxc8
{[%clk 0:30:04]} 38. Rxc8 {[%clk 0:20:02]} Kd6 {[%clk 0:29:45]} 39. Kg3
{[%clk 0:16:33]} e5 {[%clk 0:25:09]} 40. Rb8 {[%clk 0:41:55]} exd4
{[%clk 0:53:08]} 41. exd4 {[%clk 0:42:14]} Kc7 {[%clk 0:52:44]} 42. Re8
{[%clk 0:35:40]} Kd6 {[%clk 0:51:56]} 43. Kf4 {[%clk 0:35:37]} Rc7
{[%clk 0:46:09]} 44. Rb8 {[%clk 0:30:44]} Re7 {[%clk 0:32:53]} 45. Rxb6+
{[%clk 0:26:58]} Kc7 {[%clk 0:33:19]} 46. Rf6 {[%clk 0:25:59]} Re4+
{[%clk 0:33:45]} 47. Kg5 {[%clk 0:26:16]} Rxd4 {[%clk 0:34:12]} 48. Rxf7+
{[%clk 0:26:12]} Kd6 {[%clk 0:34:39]} 49. Rf6+ {[%clk 0:25:58]} Ke7
{[%clk 0:35:06]} 50. Rxg6 {[%clk 0:26:10]} Rb4 {[%clk 0:35:33]} 51. Rg7+
{[%clk 0:25:08]} Ke6 {[%clk 0:33:07]} 52. h5 {[%clk 0:24:20]} d4 {[%clk 0:33:28]}
53. h6 {[%clk 0:23:44]} d3 {[%clk 0:33:55]} 54. Rg8 {[%clk 0:16:59]} Rb7
{[%clk 0:29:54]} 55. Re8+ {[%clk 0:15:56]} Re7 {[%clk 0:30:00]} 56. Rxe7+
{[%clk 0:16:17]} Kxe7 {[%clk 0:30:28]} 57. h7 {[%clk 0:16:41]} d2
{[%clk 0:30:55]} 58. h8=Q {[%clk 0:17:04]} d1=Q {[%clk 0:31:21]} 59. Qe5+
{[%clk 0:17:17]} Kf7 {[%clk 0:31:34]} 60. Qc7+ {[%clk 0:17:17]} Kg8
{[%clk 0:31:02]} 61. Qc4+ {[%clk 0:15:58]} Kg7 {[%clk 0:31:06]} 62. Kf5
{[%clk 0:16:18]} Qd8 {[%clk 0:29:33]} 63. Ke4 {[%clk 0:13:15]} Kh7
{[%clk 0:25:36]} 64. Qf7+ {[%clk 0:12:37]} Kh8 {[%clk 0:25:52]} 65. Qh5+
{[%clk 0:13:01]} Kg7 {[%clk 0:26:19]} 66. Qd5 {[%clk 0:13:06]} Qc8
{[%clk 0:24:48]} 67. Qg5+ {[%clk 0:10:01]} Kh8 {[%clk 0:25:12]} 68. Kd4
{[%clk 0:09:49]} Qc2 {[%clk 0:23:35]} 69. Qe5+ {[%clk 0:10:00]} Kg8
{[%clk 0:24:04]} 70. Qd5+ {[%clk 0:09:45]} Kh8 {[%clk 0:24:11]} 71. Qc4
{[%clk 0:09:56]} Qf2+ {[%clk 0:22:06]} 72. Kd5 {[%clk 0:10:18]} Qf7+
{[%clk 0:21:56]} 73. Kc6 {[%clk 0:10:22]} Qe8+ {[%clk 0:21:40]} 74. Kb6
{[%clk 0:10:43]} Qd8+ {[%clk 0:21:53]} 75. Ka6 {[%clk 0:10:24]} Kg7
{[%clk 0:21:53]} 76. Kb7 {[%clk 0:10:11]} Qd2 {[%clk 0:20:58]} 77. Kb6
{[%clk 0:10:04]} Kf6 {[%clk 0:20:25]} 78. Qc5 {[%clk 0:08:26]} Qd8+
{[%clk 0:19:40]} 79. Kb7 {[%clk 0:08:03]} Qd7+ {[%clk 0:19:19]} 80. Ka6
{[%clk 0:08:10]} Qxg4 {[%clk 0:19:05]} 81. Kxa5 {[%clk 0:08:29]} Qd1
{[%clk 0:19:20]} 82. b4 {[%clk 0:08:43]} Qd2 {[%clk 0:19:08]} 83. Ka6
{[%clk 0:08:48]} Ke6 {[%clk 0:19:18]} 84. Qc8+ {[%clk 0:08:30]} Ke7
{[%clk 0:19:43]} 85. b5 {[%clk 0:08:49]} Qa2 {[%clk 0:18:40]} 86. a5
{[%clk 0:09:10]} Qe2 {[%clk 0:19:03]} 87. Kb6 {[%clk 0:09:17]} Qd3
{[%clk 0:18:00]} 88. a6 {[%clk 0:09:20]} Qd6+ {[%clk 0:18:21]} 89. Qc6
{[%clk 0:09:41]} 1-0

[Event "wgm"]
[Site "?"]
[Date "2015.09.19"]
[Round "4.2"]
[White "Szczepkowska-Horowska, Karina"]
[Black "Zawadzka, Jolanta"]
[Result "0-1"]
[BlackElo "2430"]
[WhiteElo "2395"]
[LiveChessVersion "1.4.4"]

1. d4 {[%clk 1:30:57]} d5 {[%clk 1:30:54]} 2. c4 {[%clk 1:31:15]} c6
{[%clk 1:31:20]} 3. Nf3 {[%clk 1:31:36]} Nf6 {[%clk 1:31:44]} 4. e3
{[%clk 1:31:44]} Bg4 {[%clk 1:32:06]} 5. h3 {[%clk 1:31:46]} Bh5 {[%clk 1:32:23]}
6. Nc3 {[%clk 1:28:51]} e6 {[%clk 1:32:47]} 7. Qb3 {[%clk 1:27:24]} Qb6
{[%clk 1:33:05]} 8. Ne5 {[%clk 1:22:01]} Nbd7 {[%clk 1:31:03]} 9. g4
{[%clk 1:18:43]} Bg6 {[%clk 1:31:29]} 10. Nxg6 {[%clk 1:18:32]} hxg6
{[%clk 1:31:55]} 11. Bg2 {[%clk 1:18:36]} g5 {[%clk 1:32:15]} 12. Qa4
{[%clk 1:10:30]} Qc7 {[%clk 1:20:46]} 13. Qb3 {[%clk 1:03:25]} Be7
{[%clk 1:15:43]} 14. Bd2 {[%clk 1:03:25]} dxc4 {[%clk 1:12:01]} 15. Qxc4
{[%clk 1:03:47]} Nb6 {[%clk 1:12:03]} 16. Qb3 {[%clk 1:01:01]} Nbd5
{[%clk 1:10:25]} 17. O-O-O {[%clk 0:59:17]} Nxc3 {[%clk 1:01:44]} 18. Bxc3
{[%clk 0:57:17]} Nd5 {[%clk 1:01:43]} 19. Kb1 {[%clk 0:55:08]} O-O-O
{[%clk 0:58:05]} 20. Rc1 {[%clk 0:54:02]} Kb8 {[%clk 0:58:03]} 21. Bd2
{[%clk 0:48:30]} Rd7 {[%clk 0:54:03]} 22. Rc2 {[%clk 0:39:04]} Rc8
{[%clk 0:51:32]} 23. e4 {[%clk 0:36:32]} Nf4 {[%clk 0:46:34]} 24. Bxf4
{[%clk 0:36:41]} Qxf4 {[%clk 0:45:15]} 25. d5 {[%clk 0:35:12]} exd5
{[%clk 0:35:07]} 26. exd5 {[%clk 0:35:26]} c5 {[%clk 0:35:02]} 27. Rhc1
{[%clk 0:31:57]} Bd6 {[%clk 0:32:09]} 28. Re1 {[%clk 0:28:36]} Rdc7
{[%clk 0:22:48]} 29. Qc4 {[%clk 0:27:31]} Qh2 {[%clk 0:20:00]} 30. Bf1
{[%clk 0:27:40]} a6 {[%clk 0:17:11]} 31. Qc3 {[%clk 0:25:08]} f6 {[%clk 0:14:03]}
32. Qf3 {[%clk 0:25:14]} Qf4 {[%clk 0:13:26]} 33. Qxf4 {[%clk 0:24:18]} Bxf4
{[%clk 0:13:51]} 34. Re6 {[%clk 0:22:52]} Rd8 {[%clk 0:14:15]} 35. Bg2
{[%clk 0:23:08]} Be5 {[%clk 0:13:59]} 36. b3 {[%clk 0:20:25]} Ka7
{[%clk 0:13:45]} 37. a4 {[%clk 0:20:18]} Rd6 {[%clk 0:13:32]} 38. Rxd6
{[%clk 0:19:02]} Bxd6 {[%clk 0:13:58]} 39. Bf1 {[%clk 0:18:45]} Kb6
{[%clk 0:13:23]} 40. Bd3 {[%clk 0:45:38]} Ka5 {[%clk 0:42:21]} 41. Re2
{[%clk 0:45:08]} Be5 {[%clk 0:40:47]} 42. Kc2 {[%clk 0:45:02]} Rd7
{[%clk 0:39:48]} 43. Be4 {[%clk 0:44:15]} b5 {[%clk 0:33:13]} 44. Re1
{[%clk 0:40:18]} Rd8 {[%clk 0:26:54]} 45. Bf3 {[%clk 0:35:43]} Rb8
{[%clk 0:15:11]} 46. axb5 {[%clk 0:32:13]} axb5 {[%clk 0:15:12]} 47. Rd1
{[%clk 0:28:18]} Rd8 {[%clk 0:15:03]} 48. Re1 {[%clk 0:25:50]} Rd6
{[%clk 0:12:27]} 49. Rb1 {[%clk 0:24:21]} Kb4 {[%clk 0:12:41]} 50. Re1
{[%clk 0:22:49]} Ra6 {[%clk 0:12:25]} 51. Re4+ {[%clk 0:21:05]} Bd4
{[%clk 0:12:12]} 52. Re6 {[%clk 0:20:03]} Ra2+ {[%clk 0:12:17]} 53. Kd3
{[%clk 0:20:22]} Be5 {[%clk 0:11:17]} 54. Rb6 {[%clk 0:19:45]} Bf4
{[%clk 0:11:18]} 55. Ke4 {[%clk 0:18:37]} Rd2 {[%clk 0:11:23]} 56. Kf5
{[%clk 0:18:22]} Rxf2 {[%clk 0:11:39]} 57. Ke4 {[%clk 0:18:07]} Rb2
{[%clk 0:10:18]} 58. Bd1 {[%clk 0:14:07]} Rd2 {[%clk 0:10:42]} 59. Bf3
{[%clk 0:14:14]} g6 {[%clk 0:10:57]} 60. Bh1 {[%clk 0:14:09]} Rd4+
{[%clk 0:11:10]} 61. Kf3 {[%clk 0:14:38]} Rxd5 {[%clk 0:11:20]} 62. Bg2
{[%clk 0:14:49]} Rd3+ {[%clk 0:11:28]} 63. Kf2 {[%clk 0:14:47]} Rxb3
{[%clk 0:10:59]} 64. Rxf6 {[%clk 0:14:41]} c4 {[%clk 0:10:02]} 65. Rxg6
{[%clk 0:15:02]} Rb2+ {[%clk 0:10:18]} 0-1

[Event "wgm"]
[Site "?"]
[Date "2015.09.19"]
[Round "4.3"]
[White "Mkrtchian, Lilit"]
[Black "Gaponenko, Inna"]
[Result "1/2-1/2"]
[BlackElo "2402"]
[WhiteElo "2440"]
[LiveChessVersion "1.4.4"]

1. c4 {[%clk 1:30:53]} Nf6 {[%clk 1:30:55]} 2. Nc3 {[%clk 1:30:57]} g6
{[%clk 1:31:19]} 3. e4 {[%clk 1:30:19]} d6 {[%clk 1:31:44]} 4. d4
{[%clk 1:30:20]} Bg7 {[%clk 1:32:08]} 5. h3 {[%clk 1:30:43]} O-O {[%clk 1:32:33]}
6. Bg5 {[%clk 1:31:06]} c5 {[%clk 1:32:55]} 7. d5 {[%clk 1:30:38]} e6
{[%clk 1:33:19]} 8. Bd3 {[%clk 1:29:46]} exd5 {[%clk 1:33:42]} 9. cxd5
{[%clk 1:30:02]} b5 {[%clk 1:32:57]} 10. a3 {[%clk 1:21:15]} b4 {[%clk 1:11:26]}
11. axb4 {[%clk 1:21:34]} cxb4 {[%clk 1:11:52]} 12. Na4 {[%clk 1:21:01]} Nbd7
{[%clk 1:08:59]} 13. Ne2 {[%clk 1:15:20]} Qe8 {[%clk 1:05:04]} 14. f3
{[%clk 1:13:56]} Ne5 {[%clk 0:53:15]} 15. Bc2 {[%clk 1:00:27]} Ba6
{[%clk 0:44:27]} 16. O-O {[%clk 1:00:38]} Qb5 {[%clk 0:30:22]} 17. Re1
{[%clk 0:59:29]} Nfd7 {[%clk 0:02:26]} 18. Nd4 {[%clk 0:54:16]} Qb7
{[%clk 0:02:01]} 19. Be7 {[%clk 0:30:15]} Rfc8 {[%clk 0:02:28]} 20. Bxd6
{[%clk 0:29:56]} Rxc2 {[%clk 0:00:45]} 21. Nxc2 {[%clk 0:29:24]} Bb5
{[%clk 0:00:32]} 22. Bxb4 {[%clk 0:21:35]} Bxa4 {[%clk 0:00:51]} 23. Rxa4
{[%clk 0:21:53]} Qb5 {[%clk 0:01:14]} 24. Nd4 {[%clk 0:20:52]} Qb6
{[%clk 0:00:47]} 25. Bc3 {[%clk 0:20:46]} Nc5 {[%clk 0:00:59]} 26. Rb4
{[%clk 0:20:45]} Qa6 {[%clk 0:00:36]} 27. Re3 {[%clk 0:10:50]} Bh6
{[%clk 0:00:45]} 28. Re2 {[%clk 0:10:37]} Ned3 {[%clk 0:00:42]} 29. Rb5
{[%clk 0:08:34]} Bg7 {[%clk 0:00:55]} 30. e5 {[%clk 0:07:49]} Rc8
{[%clk 0:00:35]} 31. Ra5 {[%clk 0:01:38]} Qb6 {[%clk 0:00:34]} 32. Rb5
{[%clk 0:01:45]} Qa6 {[%clk 0:01:02]} 33. Ra5 {[%clk 0:00:48]} Qb6
{[%clk 0:01:31]} 34. Rb5 {[%clk 0:00:49]} Qa6 {[%clk 0:01:19]} 1/2-1/2